مكتبة جامعة عجلون الوطنية

فهرس بحث المكتبة

Normal view MARC view
  • مفاهيم حضارية وثقافية - الحداثة - البراث والمعاصرة - العلاقة بالاخر

Entry Topical Term

Number of records used in: 1

001 - CONTROL NUMBER

  • control field: 52500

003 - CONTROL NUMBER IDENTIFIER

  • control field: JO-AjAnu

005 - DATE AND TIME OF LATEST TRANSACTION

  • control field: 20230606082629.0

008 - FIXED-LENGTH DATA ELEMENTS

  • fixed length control field: 230606|| aca||aabn | a|a d

040 ## - CATALOGING SOURCE

  • Original cataloging agency: JO-AjAnu
  • Transcribing agency: JO-AjAnu

150 ## - HEADING--TOPICAL TERM

  • Topical term or geographic name entry element: مفاهيم حضارية وثقافية - الحداثة - البراث والمعاصرة - العلاقة بالاخر

670 ## - SOURCE DATA FOUND

  • Source citation: Work cat.: (JO-AjAnu)26827: عبد الباقي، إبراهيم محمود, author 52499, الخطاب العربي المعاصر: عوامل البناء الحضاري في الكتابات العربية 1990-1996